Quick Pick: Kanye West Song Title Endings Quiz Stats

 Plays Quiz Updated Jun 16, 2018

Challenge
Share
Tweet
Embed
Score 0/12 Timer 01:00
3 Plays Today
% Correct
Digger
96.9%
Nothing
96.8%
Down
96.6%
Sky
94.3%
Leone
94.2%
Say
94.1%
Life
91.7%
Pablo
90.7%
Walks
90.4%
Lights
90.1%
Jamz
79.7%
Lockdown
76.2%

Today's Daily Dose

Missing Word
Podcasts A-Z

Word Ladder
Rowing

On This Day
January 22nd II

You're not logged in!

Compare scores with friends on all Sporcle quizzes.
OR
Log In

You Might Also Like...

Show Comments

Extras

Top Quizzes Today


Score Distribution

Your Account Isn't Verified!

In order to create a playlist on Sporcle, you need to verify the email address you used during registration. Go to your Sporcle Settings to finish the process.

Report this User

Report this user for behavior that violates our Community Guidelines.

Details: